Open Data Biblioteca Nacional de Portugal


República Portuguesa: Ministério da Cultura
Biblioteca Nacional de Portugal

Catálogo da BNP: acesso por Identificadores Unívocos
Registos Bibliográficos associados ao registo de autoridade

Etiqueta de registo: 00663cam 22002291 450
001 583578
003 http://id.bnportugal.gov.pt/bib/catbnp/583578
005 19990104000000.0
095 ## $aPTBN00792818
100 ## $a19960103d1597 k y0pory0103 ba
101 0# $alat
102 ## $aDE
200 1# $aRepetitio Clem. I ut clericorum de officio ordinarii
210 #9 $aColoniae Agrippinae$capud Henricum Falckenburg typis Lamberti Andreae,$d1597
215 ## $d
321 1# $aCat. Col. Bibl. Esp. 2769
321 1# $aAdams A 2124
620 ## $dColonia
700 #1 $aAufreri,$bEtienne,$f?-1511$38451
702 #1 $aFalckenburg,$bHeinrich,$ffl. 1590-1599$4650$3617191
702 #1 $aAndreae,$bLambert$4610$3617192
801 #0 $aPT$bBN$gRPC
966 ## $lBN$mFGMON$sS.C. 6463 P.
997 ## $aBIBEOD

Etiqueta de registo: 00616cam 2200217 450
001 972492
003 http://id.bnportugal.gov.pt/bib/catbnp/972492
005 19990705113900.0
095 ## $aPTBN00980538
100 ## $a19980415d1595 k y0pory0103 ba
101 0# $alat
102 ## $aDE
200 1# $aIn Jonam Prophetam, commentarii, ex veterum patrum Hebraeorum
210 #9 $aColoniae Agrippinae$capud Henricum Falckenburg,$d1595
215 ## $d
321 1# $aAdams F 395
321 1# $aCCBE s. XVI F 401
620 ## $dColonia
700 #1 $aFevardent,$bFrançois de,$f1539-1610$3875166
702 #1 $aFalckenburg,$bHeinrich,$ffl. 1590-1599$4610$3617191
801 #0 $aPT$bBN$gRPC
966 ## $lBN$mFGMON$sR. 15015 P.
997 ## $aBIBEOD

Etiqueta de registo: 00254nam 2200025 450
001 2277401
003 http://id.bnportugal.gov.pt/bib/catbnp/2277401
100 ## $a20260306d1591 m y0pory01030103ba
101 0# $alat
102 ## $aDX
105 ## $ay z 000yy
106 ## $ar
200 1# $aD. Dionysii Carthusiani Liber Vtilissimus De Quatuor Hominis Nouissimis$enempè. I. Morte. II. Iudicio. III. Inferni poenis. IIII. Gaudijs coeli$eEiusdem Colloquium de particulari iudicio animarum
210 #9 $aColoniae$capud Henricum Falckenburg,$d1591
215 ## $a[24], 585, [1 br.]$d12º
307 ## $aAssin.: A-Bb//12
321 ## $aBayerische Staatsbibliothek BV011440844
500 10 $aLiber utilissimus de quatuor hominis novissimis
620 ## $dColónia
700 #0 $aDionysius,$cCartusianus,$f1394-1471$365418
702 #1 $aFalckenburg,$bHeinrich,$ffl. 1590-1599$4610$3617191
801 #0 $aPT$bBN$gRPC
856 40 $2Cópia digital disponível em Bayerische Staatsbibliothek$uhttps://www.digitale-sammlungen.de/view/bsb10188366?page=5
966 ## $lBN$mFGMON$sR. 1619 P.
971 ## $cpmesqui$d20260306
997 ## $aBIBEOD

OpendataBNP@bnportugal.pt | Mais informação sobre acesso aos dados BNP